Swami Vivekananda In Contemporary India News (1893-1902)/ (Record no. 203994)

MARC details
000 -LEADER
fixed length control field 00784nam a22002297a 4500
005 - DATE AND TIME OF LATEST TRANSACTION
control field 20250113095226.0
010 ## - LCCN (DPL NO)
LC control number ENG-140807 ENG-143324
020 ## - INTERNATIONAL STANDARD BOOK NUMBER
Terms of availability 850.00
International Standard Book Number 9789391706715
020 ## - INTERNATIONAL STANDARD BOOK NUMBER
Terms of availability 600.00
International Standard Book Number 9789381325827
035 ## - SYSTEM CONTROL NUMBER
System control number EN-124339
035 ## - SYSTEM CONTROL NUMBER
System control number EN-126856
037 ## - SOURCE OF ACQUISITION
Source of stock number/acquisition DBAD
082 ## - DEWEY DECIMAL CLASSIFICATION NUMBER
Classification number 181.46
Edition number 1
100 ## - MAIN ENTRY--PERSONAL NAME
Personal name Basu, Sankari Prasad
245 ## - TITLE STATEMENT
Title Swami Vivekananda In Contemporary India News (1893-1902)/
Statement of responsibility, etc Ed. by, Sankari Prasad Basu
250 ## - EDITION STATEMENT
Edition statement 1
260 ## - PUBLICATION, DISTRIBUTION, ETC. (IMPRINT)
Place of publication, distribution, etc Kolkata
Name of publisher, distributor, etc The Ramakrishna Mission Institute Of Culture
Date of publication, distribution, etc 2023
270 ## - ADDRESS
City Kolkata
Address The Ramakrishna Mission Institute Of Culture Gol Park, Kolkata India
Postal code 700029
Electronic mail address rmicsale@gmail.com
300 ## - PHYSICAL DESCRIPTION
Extent 771p.
Dimensions 25cm (hp)
490 ## - SERIES STATEMENT
Volume number/sequential designation III, IV
942 ## - ADDED ENTRY ELEMENTS (KOHA)
Source of classification or shelving scheme Dewey Decimal Classification
Item type English Books
Classification part 181.46
Call number suffix BAS
Edition 1
Holdings
Withdrawn status Lost status Materials specified (bound volume or other part) Not for loan Collection code Home library Current library Date acquired Source of acquisition Cost, normal purchase price Full call number Barcode Copy number Cost, replacement price Koha item type
    VOL 4   Non-fiction Shahdara Branch Shahdara Branch 08/07/2024 DBAD 850.00 181.46 BAS EN-124339 1 850.00 English Books
    VOL 3   Non-fiction Shahdara Branch Shahdara Branch 13/01/2025 Delivery of Books Act Division 600.00 181.46 BAS EN-126856 1 600.00 English Books

© Delhi Public Library
Hit Counter
free hit counter